Statistiques concernant Personnages de Code Lyoko par images

Cliquez ici pour prendre le quiz!

Statistiques générales

  • Ce quiz a été pris 287 fois
  • Le résultat moyen est 12 sur 16

Statistiques - réponses

Réponse% Correct
Ulrich Stern
97%
Jérémie Belpois
96%
Odd Della Robbia
95%
Yumi Ishiyama
94%
Aelita Schaeffer
92%
Elisabeth "Sissi" Delmas
86%
William Dunbar
86%
Jim Moralés
80%
Franz Hopper
73%
Kiwi
72%
Jean-Pierre Delmas
63%
Hervé Pichon
60%
Nicolas Poliakoff
56%
Amélia "Milly" Solovieff
50%
Tamiya Diop
42%
Anthéa Hopper
40%

Distribution des résultats

Percentile par nombre de réponses

% des personnes avec chaque résultat

Votre développement - résultats

Vous n’avez pas pris ce quiz